[Event "Nizami Ganjavi 880 years U17"]
[Site "Tornelo INT"]
[Date "2021.04.04"]
[Round "9.10"]
[White "Ismayilov, Arturan"]
[Black "Pedmanson, Herman"]
[Result "1-0"]
[WhiteElo "1663"]
[BlackElo "1873"]
[PlyCount "105"]
[EventDate "2021.04.02"]
[EventType "team-swiss (blitz)"]
[EventRounds "9"]
[EventCountry "AZE"]
[SourceTitle "EXT 2023"]
[Source "ChessBase"]
[SourceDate "2022.10.05"]
[SourceVersion "1"]
[SourceVersionDate "2022.10.05"]
[SourceQuality "1"]
[WhiteTeam "Nakhchivan"]
[BlackTeam "Estonia"]
[WhiteTeamCountry "AZE"]
[BlackTeamCountry "EST"]

1. e4 c6 2. d4 d5 3. Nc3 dxe4 4. Nxe4 Bf5 5. Ng3 Bg6 6. h4 h6 7. Nf3 Nd7 8. h5 Bh7 9. Bd3 Bxd3 10. Qxd3 Ngf6 11. Bd2 e6 12. 0-0-0 Qc7 13. Ne4 Nxe4 14. Qxe4 Nf6 15. Qe2 0-0-0 16. c4 c5 17. Bc3 Bd6 18. Kb1 Rhe8 19. dxc5 Bxc5 20. Ne5 Rxd1+ 21. Rxd1 Rd8 22. Rxd8+ Kxd8 23. Qd3+ Ke7 24. f3 Nxh5 25. b4 Bd6 26. Ng4 f5 27. Ne3 Be5 28. Qe2 Kf6 29. Bxe5+ Qxe5 30. Qd2 Ke7 31. b5 Qc5 32. Qc3 Nf6 33. Kb2 g5 34. g4 f4 35. Nc2 e5 36. Nb4 Ke6 37. Nd3 Qd4 38. Qxd4 exd4 39. Nc5+ Kd6 40. Nxb7+ Kc7 41. Nc5 h5 42. gxh5 Nxh5 43. Ne6+ Kd6 44. Nxg5 Kc5 45. Kb3 Ng7 46. Ne4+ Kb6 47. a4 a5 48. c5+ Kc7 49. Kc4 Ne6 50. Kd5 Kd7 51. c6+ Ke7 52. b6 Nd8 53. b7 1-0

[Event "Nizami Ganjavi 880 years U17"]
[Site "Tornelo INT"]
[Date "2021.04.02"]
[Round "1.9"]
[White "Tugstumur, Yesuntumur"]
[Black "Ismayilov, Arturan"]
[Result "1-0"]
[WhiteElo "2363"]
[BlackElo "1663"]
[PlyCount "55"]
[EventDate "2021.04.02"]
[EventType "team-swiss (blitz)"]
[EventRounds "9"]
[EventCountry "AZE"]
[SourceTitle "EXT 2023"]
[Source "ChessBase"]
[SourceDate "2022.10.05"]
[SourceVersion "1"]
[SourceVersionDate "2022.10.05"]
[SourceQuality "1"]
[WhiteTeam "Mongolia"]
[BlackTeam "Nakhchivan"]
[WhiteTeamCountry "MGL"]
[BlackTeamCountry "AZE"]

1. d4 Nf6 2. Nf3 d5 3. c4 g6 4. cxd5 Nxd5 5. e4 Nb6 6. Nc3 Bg7 7. Be3 0-0 8. Be2 c6 9. 0-0 Na6 10. Bxa6 bxa6 11. h3 Nc4 12. Qe2 Nxe3 13. Qxe3 Rb8 14. b3 Qa5 15. Na4 Rd8 16. Rac1 Rb4 17. Rxc6 Bb7 18. Rc5 Rb5 19. Rfc1 Qb4 20. d5 e6 21. dxe6 fxe6 22. R5c4 Qa3 23. Nc5 Qxa2 24. Nxe6 Rxb3 25. Qg5 Re8 26. Nxg7 Kxg7 27. Rc7+ Kg8 28. Qf6 1-0

[Event "Nakhchivan Premium"]
[Site "Nakhchivan"]
[Date "2021.03.22"]
[Round "1"]
[White "Baghirov, Orkhan"]
[Black "Ismayilov, Arturan"]
[Result "1/2-1/2"]
[WhiteElo "1473"]
[BlackElo "1663"]
[PlyCount "164"]
[EventDate "2021.03.22"]
[EventType "tourn"]
[EventRounds "11"]
[EventCountry "AZE"]
[SourceTitle "CBM 202 Extra"]
[Source "ChessBase"]
[SourceDate "2021.07.31"]
[SourceVersion "1"]
[SourceVersionDate "2021.07.31"]
[SourceQuality "1"]

1. d4 Nf6 2. c4 g6 3. Nc3 d5 4. Nf3 Bg7 5. e3 0-0 6. Bd3 dxc4 7. Bxc4 c5 8. 0-0 Nc6 9. d5 Na5 10. Be2 Bf5 11. Nh4 Be4 12. Bf3 Bxf3 13. Nxf3 Re8 14. e4 Ng4 15. Qe2 Ne5 16. Nxe5 Bxe5 17. f4 Bd4+ 18. Be3 e6 19. Rad1 exd5 20. Bxd4 cxd4 21. Rxd4 Qb6 22. Qf2 dxe4 23. Rxe4 Qxf2+ 24. Kxf2 Rxe4 25. Nxe4 Rc8 26. Re1 Kg7 27. b3 Rc6 28. Re2 b5 29. Ke3 Re6 30. Kf3 Ra6 31. Nc5 Rc6 32. Ne4 Rc1 33. Nd6 Nc6 34. Kf2 b4 35. Re1 Rc5 36. Ne4 Ra5 37. Re2 h6 38. Rd2 g5 39. g3 f6 40. Nd6 Rc5 41. Nc4 a5 42. Rd7+ Kg6 43. Rc7 gxf4 44. gxf4 Kf5 45. Ke3 Kg4 46. Rf7 f5 47. Rf6 Kh5 48. Rd6 a4 49. Rd7 axb3 50. axb3 Na5 51. Nxa5 Rxa5 52. Rb7 Ra2 53. Rxb4 Rxh2 54. Kf3 Rh3+ 55. Kg2 Kg4 56. Rb6 Rg3+ 57. Kf2 Rf3+ 58. Kg2 h5 59. Rg6+ Kxf4 60. Rh6 Rxb3 61. Rxh5 Kg4 62. Rh8 Rb2+ 63. Kf1 Kg3 64. Rc8 f4 65. Rf8 Kf3 66. Kg1 Rb1+ 67. Kh2 Re1 68. Rf7 Rf1 69. Rb7 Re1 70. Rf7 Re4 71. Kg1 Ra4 72. Rb7 Ra1+ 73. Kh2 Kf2 74. Rb2+ Kf1 75. Rb3 Ra2+ 76. Kh3 Rf2 77. Kg4 Kg2 78. Rc3 Rf1 79. Rc2+ Kg1 80. Rc3 f3 81. Rxf3 Rf2 82. Rxf2 Kxf2 1/2-1/2

[Event "World ol U16"]
[Site "Corum"]
[Date "2019.11.04"]
[Round "8.14"]
[White "Ismayilov, Arturan"]
[Black "Wong, Ching Chi"]
[Result "0-1"]
[WhiteElo "1561"]
[BlackElo "1879"]
[PlyCount "98"]
[EventDate "2019.10.29"]
[EventType "team-swiss"]
[EventRounds "9"]
[EventCountry "TUR"]
[SourceTitle "CBM 192 Extra"]
[Source "Chessbase"]
[SourceDate "2019.11.06"]
[SourceVersion "1"]
[SourceVersionDate "2019.11.06"]
[SourceQuality "1"]
[WhiteTeam "Azerbaijan Nakhchivan"]
[BlackTeam "Hong Kong"]
[WhiteTeamCountry "AZE"]
[BlackTeamCountry "HKG"]

1. e4 c5 2. Nf3 d6 3. d4 cxd4 4. Nxd4 Nf6 5. Nc3 a6 6. h3 Qc7 7. g4 e5 8. Nde2 Be6 9. Bg2 Be7 10. 0-0 b5 11. a3 Nbd7 12. Be3 Nb6 13. Kh1 Nc4 14. Bc1 Rd8 15. f4 d5 16. exd5 e4 17. Nd4 Nxd5 18. Nxd5 Bxd5 19. c3 Qb7 20. b3 Nd6 21. Be3 0-0 22. g5 f5 23. Qh5 Rc8 24. Rfc1 Bd8 25. Rab1 Qf7 26. Qe2 Ba5 27. Qb2 Rb8 28. Qd2 Bb6 29. Rd1 Bxb3 30. Rxb3 Bxd4 31. Qxd4 Qxb3 32. Qxd6 Rbd8 33. Qxd8 Rxd8 34. Rxd8+ Kf7 35. Bd4 Qxa3 36. Rd7+ Ke8 37. Rxg7 Qc1+ 38. Kh2 Qxf4+ 39. Kh1 Qc1+ 40. Kh2 Qd2 41. Kg1 b4 42. Rc7 Qc1+ 43. Bf1 Qxg5+ 44. Kh1 Qc1 45. Kg2 Qd2+ 46. Kh1 b3 47. Bf6 b2 48. Re7+ Kf8 49. Rb7 Qc1 0-1

[Event "World ol U16"]
[Site "Corum"]
[Date "2019.11.03"]
[Round "7.18"]
[White "Pirmetova, Dariga"]
[Black "Ismayilov, Arturan"]
[Result "0-1"]
[WhiteElo "1379"]
[BlackElo "1561"]
[PlyCount "99"]
[EventDate "2019.10.29"]
[EventType "team-swiss"]
[EventRounds "9"]
[EventCountry "TUR"]
[SourceTitle "CBM 192 Extra"]
[Source "Chessbase"]
[SourceDate "2019.11.06"]
[SourceVersion "1"]
[SourceVersionDate "2019.11.06"]
[SourceQuality "1"]
[WhiteTeam "Kazakhstan Karaganda"]
[BlackTeam "Azerbaijan Nakhchivan"]
[WhiteTeamCountry "KAZ"]
[BlackTeamCountry "AZE"]

1. e4 c5 2. Nf3 d6 3. d4 cxd4 4. Nxd4 Nf6 5. Nc3 a6 6. Bc4 e5 7. Nde2 Be6 8. Qd3 Nc6 9. a3 Be7 10. Bg5 Nd7 11. Bxe7 Qxe7 12. Bxe6 Qxe6 13. 0-0-0 Ke7 14. Nd5+ Kd8 15. Rd2 Nc5 16. Qf3 Rc8 17. Rhd1 Na5 18. Nec3 Nc4 19. Re2 Rc6 20. Kb1 Ke8 21. Ka2 f6 22. b3 Nb6 23. Red2 Nc8 24. Kb2 Kf7 25. Na2 a5 26. Nac3 Rd8 27. b4 axb4 28. axb4 Nd7 29. Qd3 Ncb6 30. Re2 Ra8 31. Ra1 Nc4+ 32. Kb1 Rxa1+ 33. Kxa1 Ndb6 34. Nb5 h6 35. f3 Nxd5 36. exd5 Ra6+ 37. Kb1 Qc8 38. Re4 Na5 39. bxa5 Qc5 40. Qc4 Qg1+ 41. Kb2 h5 42. Qc7+ Kg6 43. Ra4 b6 44. Qxd6 Qf1 45. Nc7 Rxa5 46. Rxa5 bxa5 47. g4 hxg4 48. fxg4 Qc4 49. Ne6 Qxg4 50. Qe7 0-1